[Event "Bratislava Doprastav op"]
[Site "Bratislava"]
[Date "2019.04.19"]
[Round "3"]
[White "Benci, Rudolf"]
[Black "Hotak, Marian"]
[Result "0-1"]
[WhiteElo "1650"]
[BlackElo "1992"]
[PlyCount "48"]
[EventDate "2019.04.18"]
[EventType "swiss"]
[EventRounds "7"]
[EventCountry "SVK"]
[SourceTitle "CBM 189 Extra"]
[Source "ChessBase"]
[SourceDate "2019.06.03"]
[SourceVersion "1"]
[SourceVersionDate "2019.06.03"]
[SourceQuality "1"]

1. d4 Nf6 2. Bf4 g6 3. Nc3 c5 4. d5 d6 5. e4 Bg7 6. Be2 0-0 7. h3 b5 8. Bf3 b4 9. Nce2 Nfd7 10. Qc1 Re8 11. Ng3 Ne5 12. Be2 e6 13. dxe6 Bxe6 14. Nf3 Nc4 15. Rb1 Nc6 16. 0-0 Qa5 17. Ng5 N6e5 18. Nxe6 fxe6 19. a3 bxa3 20. bxa3 Qxa3 21. Qd1 Qa4 22. Ra1 Qc6 23. c3 a5 24. Ra4 Nb2 0-1

[Event "SVK-chT2D 1819"]
[Site "Slovakia"]
[Date "2019.03.02"]
[Round "8.3"]
[White "Hotak, Marian"]
[Black "Panko, Radoslav"]
[Result "1/2-1/2"]
[WhiteElo "1991"]
[BlackElo "1978"]
[PlyCount "64"]
[EventDate "2018.10.13"]
[EventType "team-tourn"]
[EventRounds "11"]
[EventCountry "SVK"]
[SourceTitle "CBM 189 Extra"]
[Source "ChessBase"]
[SourceDate "2019.06.03"]
[SourceVersion "1"]
[SourceVersionDate "2019.06.03"]
[SourceQuality "1"]
[WhiteTeam "Spisska Nova Ves"]
[BlackTeam "Stropkov/Svidnik"]
[WhiteTeamCountry "SVK"]
[BlackTeamCountry "SVK"]

1. g3 Nc6 2. Bg2 d5 3. Nf3 e5 4. 0-0 Bf5 5. c4 d4 6. d3 f6 7. e3 dxe3 8. Bxe3 Qxd3 9. Qa4 Bd7 10. Nc3 Nd4 11. Qd1 Qxd1 12. Raxd1 Ne6 13. Nd2 c6 14. Nde4 f5 15. Nd6+ Bxd6 16. Rxd6 Ke7 17. Rd3 Nf6 18. Re1 e4 19. Rdd1 Rhd8 20. f3 exf3 21. Bxf3 Kf7 22. b3 Be8 23. Rxd8 Nxd8 24. Na4 Ne6 25. Nc5 Nxc5 26. Bxc5 Nd7 27. Ba3 Kf6 28. Bb2+ Kf7 29. Ba3 Kf6 30. Bb2+ Kf7 31. Ba3 Kf6 32. Bb2+ Kf7 1/2-1/2

[Event "SVK-ch rapid"]
[Site "Banska Bystrica"]
[Date "2017.09.24"]
[Round "9"]
[White "Hotak, Marian"]
[Black "Hros, Roman"]
[Result "0-1"]
[WhiteElo "2055"]
[BlackElo "2000"]
[PlyCount "124"]
[EventDate "2017.09.22"]
[EventType "swiss (rapid)"]
[EventRounds "9"]
[EventCountry "SVK"]
[SourceTitle "EXT 2018"]
[Source "ChessBase"]
[SourceDate "2017.10.13"]
[SourceVersion "1"]
[SourceVersionDate "2017.10.13"]
[SourceQuality "1"]

1. g3 d5 2. Bg2 c6 3. Nf3 Nf6 4. 0-0 Bf5 5. d3 h6 6. b3 e6 7. Bb2 Be7 8. Nbd2 0-0 9. c4 Nbd7 10. Rc1 Qb6 11. h3 Rfd8 12. Ne1 Bg6 13. e4 dxe4 14. dxe4 Bb4 15. Bc3 Nc5 16. Qe2 Bxc3 17. Rxc3 Rxd2 18. Qxd2 Ncxe4 19. Qe3 Nxc3 20. Qxc3 Rd8 21. Nc2 Rd3 22. Qe5 Qd8 23. Ne3 Nd7 24. Qb2 f6 25. Re1 e5 26. Bf1 Rd4 27. b4 Nb6 28. c5 Nc8 29. b5 Rd2 30. Qa3 cxb5 31. Bxb5 Qd4 32. c6 bxc6 33. Bxc6 Bf7 34. Qa6 Ne7 35. Bf3 Rxa2 36. Qb7 Ra1 37. Rxa1 Qxa1+ 38. Kg2 Ng6 39. Nf5 Qa5 40. Nd6 Ba2 41. Qc8+ Nf8 42. Nf5 Be6 43. Ne7+ Kf7 44. Qb7 Nd7 45. Nc6 Qb6 46. Qa8 a6 47. Nd8+ Ke7 48. Nc6+ Kf7 49. Nd8+ Kg6 50. Nxe6 Qxe6 51. Bd5 Nb6 52. Bxe6 Nxa8 53. Bc4 a5 54. Kf3 Nb6 55. Be6 f5 56. g4 fxg4+ 57. Kxg4 Kf6 58. Bg8 a4 59. Kf3 Kf5 60. Bh7+ g6 61. Ke3 Nd5+ 62. Kd2 Nf6 0-1

[Event "SVK-ch Amateurs"]
[Site "Topolcany"]
[Date "2017.07.23"]
[Round "7"]
[White "Frink, Ferenc"]
[Black "Hotak, Marian"]
[Result "1/2-1/2"]
[WhiteElo "2082"]
[BlackElo "2023"]
[PlyCount "27"]
[EventDate "2017.07.20"]
[EventType "swiss"]
[EventRounds "7"]
[EventCountry "SVK"]
[SourceTitle "CBM 179 Extra"]
[Source "ChessBase"]
[SourceDate "2017.08.23"]
[SourceVersion "1"]
[SourceVersionDate "2017.08.23"]
[SourceQuality "1"]

1. e4 c6 2. a3 d5 3. e5 Bf5 4. d4 e6 5. Bd3 Bxd3 6. Qxd3 Qa5+ 7. c3 Qa6 8. Qxa6 Nxa6 9. Be3 Ne7 10. Nd2 Nf5 11. Ngf3 c5 12. b4 c4 13. Ke2 Nb8 14. a4 1/2-1/2

[Event "SVK-chT1E 1516"]
[Site "Slovakia"]
[Date "2016.03.19"]
[Round "10.4"]
[White "Haring, Viktor"]
[Black "Hotak, Marian"]
[Result "1-0"]
[WhiteElo "2235"]
[BlackElo "2054"]
[PlyCount "85"]
[EventDate "2015.10.24"]
[EventType "team-tourn"]
[EventRounds "11"]
[EventCountry "SVK"]
[SourceTitle "EXT 2017"]
[Source "ChessBase"]
[SourceDate "2016.10.25"]
[SourceVersion "1"]
[SourceVersionDate "2016.10.25"]
[SourceQuality "1"]
[WhiteTeam "Banska Bystrica Junior"]
[BlackTeam "Spisska Nova Ves"]
[WhiteTeamCountry "SVK"]
[BlackTeamCountry "SVK"]

1. e4 c6 2. d4 d5 3. exd5 cxd5 4. c4 Nf6 5. Nc3 Nc6 6. Bg5 Be6 7. Nf3 Ne4 8. Nxe4 dxe4 9. d5 exf3 10. dxe6 Qxd1+ 11. Rxd1 fxe6 12. g3 Rd8 13. Rxd8+ Nxd8 14. Bd3 g6 15. 0-0 Bg7 16. b3 Nf7 17. Be3 0-0 18. Be4 Nd6 19. Bd3 b6 20. Re1 Bc3 21. Rc1 Bb2 22. Rc2 Bg7 23. c5 bxc5 24. Bxc5 Rd8 25. Bxa7 Nf5 26. Rd2 Bh6 27. Rd1 Ra8 28. Bxf5 gxf5 29. Rd7 Kf7 30. a4 Ke8 31. Rb7 Kf7 32. h4 Bg7 33. a5 Bf6 34. b4 Bc3 35. Bc5 Bf6 36. Ra7 Rd8 37. a6 Rd1+ 38. Kh2 Ra1 39. b5 Ra5 40. Rb7 e5 41. a7 Ke6 42. Rb6+ Kd5 43. Ra6 1-0

[Event "SVK-chT1E 1516"]
[Site "Slovakia"]
[Date "2016.02.20"]
[Round "8.4"]
[White "Hotak, Marian"]
[Black "Svana, Peter"]
[Result "0-1"]
[WhiteElo "2054"]
[BlackElo "2264"]
[PlyCount "84"]
[EventDate "2015.10.24"]
[EventType "team-tourn"]
[EventRounds "11"]
[EventCountry "SVK"]
[SourceTitle "EXT 2017"]
[Source "ChessBase"]
[SourceDate "2016.10.25"]
[SourceVersion "1"]
[SourceVersionDate "2016.10.25"]
[SourceQuality "1"]
[WhiteTeam "Spisska Nova Ves"]
[BlackTeam "Zilina Mladost"]
[WhiteTeamCountry "SVK"]
[BlackTeamCountry "SVK"]

1. g3 Nf6 2. Bg2 d5 3. Nf3 g6 4. b3 Bg7 5. Bb2 c5 6. 0-0 0-0 7. d3 d4 8. Nbd2 Nd5 9. Ne4 Na6 10. Re1 Rb8 11. Qc1 h6 12. c4 Ndc7 13. a3 e5 14. b4 cxb4 15. axb4 Nxb4 16. Rxa7 f5 17. Ned2 Nca6 18. c5 Nc6 19. Rxa6 bxa6 20. Nh4 Qf6 21. Nc4 g5 22. Nf3 Be6 23. Nfd2 Nb4 24. Ba3 Bd5 25. Nb6 Bxg2 26. Kxg2 Qc6+ 27. Kg1 Nd5 28. Qc4 Rfd8 29. Rc1 Kh8 30. Nxd5 Rxd5 31. Nb3 Rb5 32. Qa4 Rd8 33. Na5 Qd5 34. Bb4 Bf8 35. Nb3 Rdb8 36. Rc4 a5 37. Nxa5 Bxc5 38. Bd2 Bf8 39. Nc6 Rb1+ 40. Bc1 Rc8 41. f3 e4 42. Qa6 Qe6 0-1

[Event "SVK-chT1E 1516"]
[Site "Slovakia"]
[Date "2015.10.24"]
[Round "1.4"]
[White "Hotak, Marian"]
[Black "Istona, Martin"]
[Result "1-0"]
[WhiteElo "2054"]
[BlackElo "2166"]
[PlyCount "56"]
[EventDate "2015.10.24"]
[EventType "team-tourn"]
[EventRounds "11"]
[EventCountry "SVK"]
[SourceTitle "CBM 169 Extra"]
[Source "ChessBase"]
[SourceDate "2015.12.18"]
[SourceVersion "1"]
[SourceVersionDate "2015.12.18"]
[SourceQuality "1"]
[WhiteTeam "Spisska Nova Ves"]
[BlackTeam "Sabinov"]
[WhiteTeamCountry "SVK"]
[BlackTeamCountry "SVK"]

1. g3 e5 2. Bg2 Nc6 3. d3 g6 4. Nf3 d6 5. 0-0 f5 6. c3 Nf6 7. b4 Qe7 8. b5 Nd8 9. a4 Bg7 10. Na3 Ne6 11. Nc4 0-0 12. Ba3 e4 13. Nfd2 exd3 14. exd3 Rb8 15. a5 f4 16. d4 b6 17. a6 Ng5 18. Ne5 Bh3 19. Qb3+ Kh8 20. Bxh3 Nxh3+ 21. Kg2 Ng5 22. Rae1 Nfe4 23. Nxe4 Nxe4 24. Rxe4 f3+ 25. Kh1 Qe8 26. Qd5 Rf5 27. g4 dxe5 28. gxf5 gxf5 1-0

[Event "SVK-chT1E 1415"]
[Site "Slovakia"]
[Date "2014.11.29"]
[Round "3.5"]
[White "Hotak, Marian"]
[Black "Holtman, Teodor"]
[Result "1-0"]
[WhiteElo "2040"]
[BlackElo "2077"]
[PlyCount "109"]
[EventDate "2014.10.18"]
[EventType "team-tourn"]
[EventRounds "11"]
[EventCountry "SVK"]
[SourceTitle "EXT 2016"]
[Source "ChessBase"]
[SourceDate "2015.10.08"]
[SourceVersion "1"]
[SourceVersionDate "2015.10.08"]
[SourceQuality "1"]
[WhiteTeam "Kezmarok"]
[BlackTeam "Bardejov"]
[WhiteTeamCountry "SVK"]
[BlackTeamCountry "SVK"]

1. g3 d5 2. Bg2 e5 3. c4 Nf6 4. cxd5 Nxd5 5. Nc3 Be6 6. Nf3 Nc6 7. 0-0 Nb6 8. d3 Be7 9. a3 0-0 10. b4 f6 11. Bb2 Qd7 12. Re1 a5 13. b5 Nd4 14. Nxd4 exd4 15. Ne4 a4 16. Qc1 Ra5 17. Nc5 Bxc5 18. Qxc5 Rd8 19. e3 Rxb5 20. Qxd4 Qe7 21. Qc3 Rb3 22. Qc2 Rdxd3 23. Be4 Rd8 24. Bxh7+ Kh8 25. Red1 Rxb2 26. Qe4 Re8 27. Bg6 Kg8 28. Qh4 Rb8 29. Rac1 Bf7 30. Qh7+ Kf8 31. Qh8+ Bg8 32. Rd4 Rb5 33. h4 Rd5 34. Rg4 c6 35. e4 Re5 36. f4 Rc5 37. Re1 Rc2 38. Bh7 Qf7 39. e5 g5 40. Bxc2 Qg7 41. Qxg7+ Kxg7 42. exf6+ Kxf6 43. hxg5+ Kf7 44. f5 Nd5 45. Rxa4 Rd8 46. Rd4 Kf8 47. f6 b5 48. Rd2 Ra8 49. Bg6 Bf7 50. Rh2 Kg8 51. Bh7+ Kf8 52. Bf5 Kg8 53. Bh7+ Kf8 54. g6 Rxa3 55. g7# 1-0